| 000 | 00974nam a2200241 a 4500 | ||
|---|---|---|---|
| 001 | 52697 | ||
| 003 | BD-RjUL | ||
| 005 | 20211209075839.0 | ||
| 008 | 160925s1971 enk||||| |||| 00| 0 eng d | ||
| 035 | _a(BD-RjUL)52817 | ||
| 040 |
_aBD-RjUL _beng _cBD-RjUL |
||
| 041 | _aeng | ||
| 082 |
_223 _a361.072 _bUNT 1971 |
||
| 110 |
_aUnited Nations. Department of Economic and Social Affairs. _9157674 |
||
| 245 | 1 | 0 | _aTraining for social welfare : fifth international survey : new approaches in meeting manpower needs / |
| 260 |
_aNew york : _bUnited Nations, _c1971 |
||
| 300 |
_a88 p. ; _c29 cm. |
||
| 490 | _aUnited Nations. Publication. Sales no. E. 71. IV. 5 | ||
| 500 | _aAt head of title: Department of Economic and Social Affairs. "ST/SOA/105." "United Nations publication. Sales No.: E.71. IV.5"--Title page verso. | ||
| 650 |
_aSocial work education _9157599 _xResearch |
||
| 856 | _3United Nations. Publication. Sales no. E. 71. IV. 5 | ||
| 942 |
_2ddc _cBK |
||
| 999 |
_c52697 _d52697 |
||